00627nam a2200193Ia 4500003000400000005001700004008004100021020001800062040001800080041000800098082002100106100001800127245012500145250001200270260004800282300002600330650004200356700003500398OSt20241015101535.0210716s1986 xx 000 0 und d a9780395402641 cAIMIT LIBRARY aeng a423.03 21bMOSB aMoser, Barry. aWord mysteries and histories :bfrom quiche to humble pie /cIllustrations by Barry Moser, Foreword by Robert Claiborne. a1st ed. aBoston :bHoughton mifflin Company ,c1986. axi,308p. ;bPBc22 cm aIllustrations and selected commentary aRobert Claiborne.eForeword by